Statistics for Countries Least Similar To Peru

Click here to take the quiz!

General Stats

  • This quiz has been taken 13 times
  • The average score is 7 of 20

Answer Stats

RankCountryScore% Correct
3Japan45.7
60%
8Saudi Arabia48.9
60%
1Bahrain45.3
50%
1Kuwait45.3
50%
9Oman49.3
50%
3Qatar45.7
50%
10Singapore49.5
40%
6Somalia48.4
40%
5United Arab Emirates47.8
40%
15United Kingdom51.2
40%
10Yemen49.5
40%
20Bhutan51.6
30%
12Denmark49.8
30%
19North Korea51.5
30%
12South Korea49.8
30%
7Sudan48.8
30%
15Taiwan51.2
20%
17Bangladesh51.3
10%
18Eritrea51.4
0%
14Palestine51.0
0%

Score Distribution

Percentile by Number Answered

Percent of People with Each Score

Your Score History

You have not taken this quiz